Méthodes mathematiques dans le commerce extérieur určeno pro posl. fak. spoločenskovědní

Bibliographic Details
Main Authors: Bernášková, Karla (Author), Plchová, Božena (Author)
Format: Book
Language:English
PhysicalDescription:234 s. 8°
Published: Praha Státní pedagogické nakladatelství 1971

MARC

LEADER 00000nam a2200000 a 4500
001 vtls001278876
003 SK-MaSNL
005 20260416165342.0
008 240314s1971 xr 0 eng
035 |a SNK000230208 
040 |a SNK  |b slo  |c SNK  |e AACR2 
044 |a xr  |c CZ 
100 1 |a Bernášková, Karla  |4 aut  |9 286733 
245 1 0 |a Méthodes mathematiques dans le commerce extérieur  |b určeno pro posl. fak. spoločenskovědní  |c Karla Bernášková, Božena Plchová 
260 |a Praha  |b Státní pedagogické nakladatelství  |c 1971 
300 |a 234 s.  |c 8° 
700 1 |a Plchová, Božena  |4 aut  |9 286734 
958 |a OND 
999 |c 971815  |d 973745 
952 |t P60, <04>, [BOOK], {604}  |a SNK  |b SNK  |y VYP  |7 0  |o snkIC 48461  |i snkKIP 3072/71  |0 0  |1 0  |4 0  |d 1997-03-06  |l 0  |r 2005-01-02 00:00:00  |w 2026-02-24 
952 |t P60, <04>, [BOOK], {604}  |a SNK  |b SNK  |y VYP  |7 0  |o snkIC 48461 D1  |i snkKIP 3073/71  |0 0  |1 0  |4 0  |d 1997-03-06  |l 0  |r 2005-01-02 00:00:00  |w 2026-02-24